Score 0/16 Timer 03:00
2 Plays Today
% Correct
CAR
92.6%
FUN
92.5%
BID
92.5%
PZZA
91.7%
WOOF
91.4%
ZZ
90.1%
FIZZ
88.4%
HOG
88.3%
% Correct
BOOM
88%
CAKE
86.1%
MMM
85.8%
ROCK
85.4%
BUD
83.9%
EAT
82.1%
ZEUS
76.6%
BEN
68.5%
Remove Ads.
Support Sporcle.
Get the best of Sporcle when you Go Orange. This ad-free experience offers more features, more stats, and more fun while also helping to support Sporcle. Thank you for becoming a member.

You're not logged in!

Compare scores with friends on all Sporcle quizzes.
OR
Log In

Show Comments

Extras

Top Quizzes Today


Score Distribution

Your Account Isn't Verified!

In order to create a playlist on Sporcle, you need to verify the email address you used during registration. Go to your Sporcle Settings to finish the process.

Report this User

Report this user for behavior that violates our Community Guidelines.

Details: